000 01113 a2200253 4500
999 _c332247
_d332247
003 Nust
005 20171121131536.0
008 171121b xxu||||| |||| 00| 0 eng d
010 _a 92040412
020 _a0195671724
040 _c0
082 0 0 _a910 COL
100 1 _aCollingwood, R. G.
_96590
245 1 4 _aThe Idea of History /
_cR.G. Collingwood ; edited with an introduction by Jan van der Dussen.
250 _aRev. ed., with lectures 1926-1928.
260 _aOxford [India] :
_bCBS ;
_aNew Delhi :
_bOxford University Press,
_c2006.
300 _a510p. ;
_c23 cm.
500 _aP.B
505 _aIntroduction (Page-1), The Influence of Christianity (Page-46), The Threshold of Scientific History (Page-86), Scientific History (Page-134), Epilegomena (Page-205),
538 _aAlmirah No.59 Shelf No.5
650 0 _aHistory
_xPhilosophy.
_96591
700 1 _aDussen, W. J. van der.
_96592
856 4 2 _3Publisher description
_uhttp://www.loc.gov/catdir/enhancements/fy0638/92040412-d.html
942 _2ddc
_cBK
_kIESE